একুশ শতকে বাংলাদেশের নারী/ (Record no. 18179)
[ view plain ]
| 000 -LEADER | |
|---|---|
| fixed length control field | 00940nam a22002177a 4500 |
| 003 - CONTROL NUMBER IDENTIFIER | |
| control field | BDDh-ASL |
| 005 - DATE AND TIME OF LATEST TRANSACTION | |
| control field | 20231015025705.0 |
| 008 - FIXED-LENGTH DATA ELEMENTS--GENERAL INFORMATION | |
| fixed length control field | 200920s2006 b ||||| b||| 00| 0 b d |
| 020 ## - INTERNATIONAL STANDARD BOOK NUMBER | |
| International Standard Book Number | 98444518608 |
| 040 ## - CATALOGING SOURCE | |
| Original cataloging agency | BDDh-ASL |
| Transcribing agency | BDDh-ASL |
| Modifying agency | BDDh-ASL |
| 041 ## - LANGUAGE CODE | |
| Language code of text/sound track or separate title | ben |
| 082 ## - DEWEY DECIMAL CLASSIFICATION NUMBER | |
| Classification number | 305.4896 |
| Item number | SAA |
| 100 1# - MAIN ENTRY--PERSONAL NAME | |
| 9 (RLIN) | 998 |
| Personal name | সালাহউদ্দিন, খালেদা |
| 245 1# - TITLE STATEMENT | |
| Title | একুশ শতকে বাংলাদেশের নারী/ |
| Statement of responsibility, etc. | খালেদা সালাহউদ্দিন । |
| 246 ## - VARYING FORM OF TITLE | |
| Title proper/short title | Ekush Shatake Bangladesher Nari |
| 260 ## - PUBLICATION, DISTRIBUTION, ETC. | |
| Place of publication, distribution, etc. | ঢাকা: |
| Name of publisher, distributor, etc. | পালক পাবলিশার্স, |
| Date of publication, distribution, etc. | ২০০৬। |
| 300 ## - PHYSICAL DESCRIPTION | |
| Extent | ৩১৯ পৃষ্ঠা: |
| Dimensions | ২২ সে. মি.। |
| 504 ## - BIBLIOGRAPHY, ETC. NOTE | |
| Bibliography, etc. note | গ্রন্থপঞ্জি সংযুক্ত। |
| 650 #0 - SUBJECT ADDED ENTRY--TOPICAL TERM | |
| 9 (RLIN) | 999 |
| Topical term or geographic name entry element | নারী |
| General subdivision | বাংলাদেশে নারী |
| -- | একুশ শতকে নারী |
| 942 ## - ADDED ENTRY ELEMENTS (KOHA) | |
| Source of classification or shelving scheme | Dewey Decimal Classification |
| Koha item type | Books |
| Withdrawn status | Lost status | Source of classification or shelving scheme | Damaged status | Not for loan | Collection code | Home library | Current library | Shelving location | Date acquired | Source of acquisition | Total Checkouts | Full call number | Barcode | Date last seen | Copy number | Price effective from | Koha item type |
|---|---|---|---|---|---|---|---|---|---|---|---|---|---|---|---|---|---|
| Dewey Decimal Classification | Non-fiction | Asiatic Society Library | Asiatic Society Library | General Stacks | 09/20/2020 | Donated by Prof. (Dr.) M. Abdul Qayyum & Dr. Razia Sultana | 305.4896 SAA | 101342 | 09/20/2020 | C-1 | 09/20/2020 | Books | |||||
| Dewey Decimal Classification | Non-fiction | Asiatic Society Library | Asiatic Society Library | General Stacks | 10/25/2020 | Complementary | 305.4896 SAA | 102024 | 10/25/2020 | C-2 | 10/25/2020 | Books |